00782cam a22002651 4500001001300000003000400013005001700017008004100034010001700075035002000092040002500112041001100137042001200148043001200160050001700172100003600189245003900225260002000264300001500284500006800299500005600367504003100423650004500454999001700499sa 68007154 DLC20260227112520.0900205m19679999ii b 000 0 hino  asa 68007154  a(OCoLC)21004901 aDLCcWaUdOCoLCdDLC0 ahinsan apremarc aa-ii---00aPK2031b.U621 aUpadhyaya, Baldeva,d1899-1999.10aBhāratīya sāhityaśāstra. c[1967 or 8- ] av.c23 cm. aHindi or Sanskrit; introductory matter and commentary in Hindi. aList of the author's works: v. 2 p. [3] (1st group) aBibliographical footnotes. 0aHindi literaturexHistory and criticism. c81668d81668